[Event "6th Uppsala Young Champions 2019"]
[Site "Uppsala"]
[Date "2019.10.28"]
[Round "5.1"]
[White "Mihajlov, Sebastian"]
[Black "Roshka, Yevgeniy"]
[Result "0-1"]
[WhiteElo "2387"]
[BlackElo "2369"]
[Annotator "TA"]
[PlyCount "62"]
[EventDate "2019.10.25"]
[EventType "swiss"]
[EventCountry "SWE"]
[SourceTitle "playchess.com"]
[Source "ChessBase"]
[SourceQuality "1"]

{[%evp 9,72,10,16,12,31,24,50,51,56,22,56,37,57,37,21,11,18,16,6,-57,-4,-112,-89,-157,-149,-176,-152,-153,-148,-138,-96,-125,-75,-125,-84,-248,-265,-282,-297,-414,-414,-416,-410,-1534,-1491,-29985,-29986,-29989,-29990,-29990,-29991,-29991,-29992,-29992,-29988,-29988,-29963,-29978,-5700,-29993,-29994,-29994,-29993,-29993,-29994]} 1. d4 Nf6 2. Nf3 e6 3. e3 b6 4. Bd3 Bb7 5. O-O d6 6. c4 {A47: 1 d4 Nf6 2 Nf3 b6: Torre, London and Colle Systems} Nbd7 7. Nc3 g6 8. e4 {White is slightly better.} Bg7 9. Bf4 h6 (9... O-O 10. Re1 Re8 11. d5 Nc5 12. Bf1 a5 13. Qc2 exd5 14. exd5 {½-½ (40) Vorobiov,E (2557)-Kamsky,G (2666) St Petersburg 2018}) 10. h3 $146 ({Predecessor:} 10. Re1 O-O 11. Be3 a6 12. h3 c5 13. d5 exd5 14. exd5 {0-1 (40) Sorm,D (2319)-Delorme,A (2502) Sitges 2014}) 10... g5 11. Bh2 g4 12. hxg4 Nxg4 13. Bg3 h5 14. Bh4 (14. Be2 $11) 14... Bf6 $15 15. g3 (15. Bxf6 $11 {remains equal.} Qxf6 16. Nb5) 15... Rg8 16. Kg2 ({White should try} 16. Qd2) 16... Bxh4 $17 17. Nxh4 Qf6 $1 18. Nf3 {[#]} h4 $1 {[%cal Rh4g3][%mdl 512]} 19. Nxh4 O-O-O ({Don't do} 19... Qxd4 20. Be2 $15) 20. Nf3 {[#]} Qg7 $1 $36 {[%mdl 2048] Strongly threatening ...Ne3+! Black is really pushing.} 21. Qe2 f5 {aiming for ...f4!} 22. exf5 $2 (22. Rh1 $17 {is the only way for White.}) 22... exf5 $19 {And now ...Rde8 would win.} 23. Bxf5 Rde8 24. Be4 Bxe4 25. Nxe4 Ndf6 26. c5 (26. Nfd2 $142 Nxe4 {[%mdl 64] Discovered Attack} 27. Nxe4) 26... Nxe4 27. Qa6+ Kd8 28. cxb6 Ne3+ 29. Kg1 Nxg3 30. bxc7+ Qxc7 31. fxe3 Ne4+ 0-1

[Event "6th Uppsala Young Champions 2019"]
[Site "Uppsala"]
[Date "2019.10.28"]
[Round "5.2"]
[White "Storme, Isak"]
[Black "Crevatin, Leo"]
[Result "1/2-1/2"]
[WhiteElo "2244"]
[BlackElo "2221"]
[Annotator "NA"]
[PlyCount "63"]
[EventDate "2019.10.25"]
[EventType "swiss"]
[EventCountry "SWE"]
[SourceTitle "playchess.com"]
[Source "ChessBase"]
[SourceQuality "1"]
[TimeControl "5400+30"]

{[%evp 8,63,11,24,30,11,16,8,31,29,33,32,33,33,39,27,35,46,27,19,19,15,27,0,12,16,19,13,25,-6,36,35,30,9,8,8,10,0,0,0,0,-7,32767,0,-7,0,0,32767,32767,0,0,0,32767,0,12,0,0,0]} 1. e4 {[%emt 0:00:00]} c6 {[%emt 0:00:00]} 2. d4 {[%emt 0:00:00]} d5 {[%emt 0:04:00]} 3. exd5 {[%emt 0:00:39]} cxd5 {[%emt 0:00:04]} 4. Bd3 {[%emt 0:01:45]} Nc6 {[%emt 0:00:13]} 5. c3 {[%emt 0:00:09]} Nf6 {[%emt 0:02:31]} 6. Bf4 {[%emt 0:01:10]} Bg4 {[%emt 0:02:45]} 7. Qb3 {[%emt 0:02:15]} Qc8 {[%emt 0:01:02]} 8. Nd2 {[%emt 0:04:37]} e6 {[%emt 0:01:24]} 9. Ngf3 {[%emt 0:00:36]} Be7 {[%emt 0:00:13]} 10. O-O {[%emt 0:01:43]} O-O {[%emt 0:01:28]} 11. Rfe1 {[%emt 0:13:11]} a6 {[%emt 0:05:35]} 12. Ne5 {[%emt 0:03:34] B13: Caro-Kann: Exchange Variation and Panov-Botvinnik Attack} Nxe5 {[%emt 0:00:42]} 13. Bxe5 {[%emt 0:03:00]} Bh5 {[%emt 0:04:00]} 14. a4 {[%emt 0:01:35]} Nd7 {[%emt 0:03:12]} 15. Bg3 {[%emt 0:00:11]} Bg6 {[%emt 0:01:16]} 16. Bxg6 {[%emt 0:01:11]} hxg6 {[%emt 0:00:11]} 17. Nf3 {[%emt 0:00:54]} Qc6 {[%emt 0:02:15]} 18. a5 {[%emt 0:01:47] [#]} Bd6 $146 {[%emt 0:08:07]} ({Predecessor:} 18... Rfc8 19. Ne5 Nxe5 20. Rxe5 Qb5 21. Qa2 {0-1 (80) Sorbe,S (2358)-Alonso Rosell,A (2521) Figueres 2010}) 19. Bxd6 {[%emt 0:00:22]} Qxd6 {[%emt 0:00:32]} 20. Ne5 {[%emt 0:00:15]} Nxe5 {[%emt 0:00:56]} 21. Rxe5 {[%emt 0:01:37]} Qc7 {[%emt 0:02:27]} 22. h4 {[%emt 0:02:23]} Rab8 {[%emt 0:03:08]} 23. h5 {[%emt 0:00:23]} gxh5 $1 {[%emt 0:00:06]} 24. Rxh5 {[%emt 0:00:32]} g6 {[%emt 0:01:03]} 25. Rh3 {[%emt 0:00:56]} Kg7 {[%emt 0:02:38]} 26. Qc2 {[%emt 0:01:26]} Rh8 {[%emt 0:03:53]} 27. Rxh8 {[%emt 0:00:10]} Rxh8 {[%emt 0:00:05]} 28. g3 {[%emt 0:00:12]} Qc4 {[%emt 0:03:30]} 29. Kg2 {[%emt 0:01:43]} Qb5 {[%emt 0:05:07]} 30. Qd2 {[%emt 0:00:50]} Qb3 {[%emt 0:01:13]} 31. Qf4 {[%emt 0:02:20]} Qxb2 {[%emt 0:01:28]} 32. Qe5+ $11 {[%emt 0:00:10]} 1/2-1/2

[Event "6th Uppsala Young Champions 2019"]
[Site "Uppsala"]
[Date "2019.10.28"]
[Round "5.4"]
[White "Papunidi, Matvey"]
[Black "Pantzar, Milton"]
[Result "1-0"]
[WhiteElo "2083"]
[BlackElo "2376"]
[Annotator "TA"]
[PlyCount "49"]
[EventDate "2019.10.25"]
[EventType "swiss"]
[EventCountry "SWE"]
[SourceTitle "playchess.com"]
[Source "ChessBase"]
[SourceQuality "1"]

{[%evp 13,91,14,17,0,12,7,11,14,16,0,41,30,31,17,22,17,15,-1,-8,-18,-5,-10,-25,-18,-1,0,9,10,59,68,79,94,93,63,152,156,192,153,157,156,329,322,358,345,362,358,441,438,575,572,642,635,653,623,647,651,723,729,775,775,755,680,809,815,798,771,733,670,29987,4797,5205,4810,2282,850,773,749,29989,2088,1245,959]} 1. e4 e5 2. Nf3 Nc6 3. Bb5 a6 4. Ba4 Nf6 5. O-O Be7 6. d3 b5 7. Bb3 d6 8. a3 {C84: Closed Ruy Lopez: Unusual White 6th moves} Na5 (8... O-O 9. Nc3 Na5 10. Ba2 Be6 11. b4 Bxa2 12. Rxa2 Nc6 13. Bg5 Ng4 14. Bd2 Nf6 15. Re1 Qd7 16. Nd5 Nxd5 17. exd5 {½-½ (37) Anand,V (2774)-Svidler,P (2735) Karlsruhe/Baden Baden 2019}) 9. Ba2 c5 10. Nc3 {The position is equal.} Be6 11. Nd5 Nc6 12. Ng5 $146 ({Predecessor:} 12. c3 Bxd5 13. exd5 Nb8 14. b4 cxb4 15. axb4 Nbd7 {½-½ (63) Ly,M (2500)-Greet,A (2443) England 2016}) 12... Bxd5 13. exd5 Nb8 14. f4 {Strongly threatening fxe5.} Nbd7 15. c3 O-O 16. fxe5 Nxe5 17. d4 cxd4 18. cxd4 Ng6 19. Bb1 Qd7 (19... Nxd5 $2 20. Nxh7 $1 {[%mdl 512]} Kxh7 21. Qh5+ Kg8 22. Qxd5 $18) 20. h4 $36 {[%mdl 2048] Hoping for h5. White fights for an advantage.} Rac8 (20... Nxh4 $2 21. Rxf6 $1 {[%mdl 512]} h6 22. Qd3 $18) 21. Bf5 {[%mdl 64] Skewer} Qa7 22. Bxc8 Rxc8 23. h5 Nf8 (23... Ne5 $1 $14) 24. h6 $16 gxh6 25. Nf3 {Played: Ng5-e4} 1-0

[Event "6th Uppsala Young Champions 2019"]
[Site "Uppsala"]
[Date "2019.10.28"]
[Round "5.5"]
[White "Vitenberg, Noam Aviv"]
[Black "Thorhallsson, Simon"]
[Result "0-1"]
[WhiteElo "2223"]
[BlackElo "2190"]
[Annotator "TA"]
[PlyCount "92"]
[EventDate "2019.10.25"]
[EventType "swiss"]
[EventCountry "SWE"]
[SourceTitle "playchess.com"]
[Source "ChessBase"]
[SourceQuality "1"]

{[%evp 16,92,36,47,41,43,45,39,45,43,38,40,45,61,49,52,82,64,133,127,131,127,129,158,138,147,139,142,143,67,74,69,70,0,0,-21,32,24,26,27,18,32,36,0,0,-22,0,-80,-91,-280,-275,-339,-337,-525,-506,-679,-674,-922,-609,-838,-519,-502,-502,-496,-492,-535,-406,-595,-580,-561,-546,-12839,-12840,-12840,-12841,-12841,-12839,-12843,-12844]} 1. d4 Nf6 2. c4 g6 3. g3 Bg7 4. Bg2 O-O 5. Nc3 d6 6. Nf3 Nc6 7. O-O a6 8. b3 Rb8 9. d5 Na5 {E63: King's Indian: Fianchetto: Panno Variation with 7...a6} 10. Bg5 (10. Nd4 e5 11. Nc2 Bd7 12. Nb4 Re8 13. e4 c5 14. dxc6 bxc6 15. Nc2 Bg4 16. Qd3 c5 17. f4 exf4 18. Bxf4 {1-0 (74) Firouzja,A (2682)-Lagarde,M (2600) Le Blanc Mesnil 2019}) 10... h6 11. Bd2 c5 {White is slightly better.} 12. dxc6 Nxc6 13. Rc1 Bf5 14. Ne1 Qd7 15. Nd5 Nxd5 16. cxd5 Ne5 $146 {[#]} (16... Na7 $1 $14) ({Predecessor:} 16... Na7 17. e4 {1-0 (29) Keymer,V (2493)-Arias Boo,G (2231) Barcelona 2018}) 17. f4 $1 $16 {[%cal Rf4e5]} Ng4 {Hoping for ...Bd4+.} 18. e4 Bd4+ 19. Kh1 Ne3 20. Bxe3 $1 Bxe3 21. exf5 Bxc1 22. fxg6 (22. Qxc1 $16 {Black must now prevent fxg6.} Qxf5 23. Qe3) 22... Bb2 $1 $14 23. Qh5 fxg6 $1 24. Qxh6 (24. Qxg6+ $14 Bg7 25. Be4) 24... Qf5 $36 {[%mdl 2048] Black has some pressure.} 25. g4 Qf6 (25... Qxg4 $11 26. Bh3 Qh5 27. Be6+ Rf7 28. Qxh5 gxh5) 26. Be4 $14 Qg7 27. Qxg6 Qxg6 28. Bxg6 Rbc8 29. Nd3 ({White should try} 29. Kg2 $14) 29... Rc2 $11 30. Re1 Bd4 31. Re4 (31. Rxe7 $11 {remains equal.} Rxa2 32. h4 (32. Rxb7 Rc8 $19)) 31... Bf6 $17 32. g5 $2 {[#]} (32. Ne1 $17 Rxa2 33. Bf5) 32... Bxg5 $1 $19 {[%mdl 512]} 33. a4 (33. fxg5 Rf1#) 33... Rd2 34. Rc4 (34. Bh5 {is the only way for White.}) 34... Kg7 35. Be4 Bxf4 36. Rc1 Rxh2+ 37. Kg1 Bxc1 38. Kxh2 {[%mdl 4096] Endgame KRB-KBN} Bh6 39. Kg2 Rc8 40. Kf3 a5 41. b4 (41. Bf5 $142 Rc3 42. Ke4) 41... axb4 {Black is clearly winning.} 42. Nxb4 Rc4 43. Nc6 bxc6 44. dxc6 Rxa4 45. Bd5 Ra7 46. c7 Rxc7 {Accuracy: White = 37%, Black = 61%.} 0-1

[Event "6th Uppsala Young Champions 2019"]
[Site "Uppsala"]
[Date "2019.10.28"]
[Round "5.6"]
[White "Sorensen, Hampus"]
[Black "Kristensen, Bjarke Hautop"]
[Result "1/2-1/2"]
[WhiteElo "2330"]
[BlackElo "2223"]
[Annotator "TA"]
[PlyCount "137"]
[EventDate "2019.10.25"]
[EventType "swiss"]
[EventCountry "SWE"]
[SourceTitle "playchess.com"]
[Source "ChessBase"]
[SourceQuality "1"]

{[%evp 9,137,5,39,29,68,61,88,92,84,97,93,97,83,49,100,114,110,90,95,95,90,62,81,14,19,19,15,4,6,6,16,21,11,4,0,1,21,4,5,5,7,7,8,8,8,8,15,15,15,15,10,10,10,8,10,0,15,15,15,15,25,25,17,8,8,8,8,8,194,8,8,8,8,8,8,8,8,0,8,8,8,8,8,8,8,8,8,0,0,0,8,8,8,8,8,8,8,8,8,8,8,0,8,8,8,8,8,8,8,8,8,8,8,8,8,8,8,8,8,8,8,8,8,8,8,8,8,8,8,8]} 1. d4 Nf6 2. c4 g6 3. Nc3 d5 4. Nf3 Bg7 5. h4 (5. h3 dxc4 6. e4 c5 7. d5 O-O 8. Bxc4 b5 9. Nxb5 Nxe4 10. O-O Ba6 11. Qe2 Nd6 12. Nxd6 Qxd6 {0-1 (94) Meier,G (2628)-Vachier Lagrave,M (2773) Karlsruhe/Baden Baden 2019}) 5... c5 6. dxc5 {[%cal Rc4d5] D90: Grünfeld: 4 Nf3 Bg7 sidelines} Qa5 7. cxd5 Nxd5 8. Qxd5 {Bd2 is the strong threat.White is better.} Bxc3+ {[#]} 9. Bd2 $1 {[%cal Rd2c3]} Bxd2+ 10. Qxd2 Qxd2+ 11. Nxd2 (11. Kxd2 {is more complex.} Bf5 12. e3 O-O 13. Rc1 Rd8+ 14. Ke1) 11... Nc6 (11... Be6 $14) 12. e3 $146 ({Predecessor:} 12. a3 Be6 {1-0 (36) Burnett,A (2222)-Novotny,A (1969) Stara Lubovna 2014}) 12... Bf5 13. Bb5 O-O 14. Bxc6 bxc6 15. Nf3 Be4 16. Ke2 (16. h5 $16) 16... Rfb8 $11 17. b3 a5 $1 {[%cal Ba7a5,Ba5a4][%mdl 32]} 18. Rhg1 a4 19. Nd2 Bd5 20. e4 Be6 21. Rab1 axb3 22. axb3 Ra3 23. Rb2 Rb5 24. b4 Ra4 25. Kd3 Rbxb4 26. Rxb4 Rxb4 {[%mdl 4096] Endgame KRB-KRN} 27. Rb1 Bc4+ 28. Kd4 Rxb1 29. Nxb1 {KB-KN} Bf1 30. g4 f6 31. g5 e5+ 32. Ke3 Kf7 33. Nd2 Ba6 34. f4 Ke7 35. Nf3 {[#] And now gxf6+ would win.} Ke6 36. gxf6 exf4+ 37. Kxf4 Kxf6 38. Nd4 {Threatens to win with e5+.} h6 $2 (38... Bb5 $11 {and Black is okay.}) 39. Nxc6 $2 (39. e5+ $18 Kf7 40. Nxc6) 39... g5+ {The position is equal.} 40. hxg5+ hxg5+ 41. Ke3 Ke6 42. Nd4+ Ke5 43. Nc6+ Ke6 44. Kf3 Bd3 45. Nb4 Bb1 46. Ke3 g4 47. Nd3 g3 (47... Bxd3 48. Kxd3 g3 49. Ke3 $18) 48. Nf4+ Ke5 49. Ng6+ Kf6 50. Nh4 Ke5 51. Nf3+ Ke6 52. Nd2 Bc2 53. Kf3 Ke5 54. Kxg3 Ba4 55. Nb1 Kd4 56. Kf4 Kxc5 57. e5 Bb3 58. Nd2 Be6 59. Kg5 Kc6 60. Kf6 Kd7 61. Ne4 {White threatens Nc5+ and mate.} Bd5 62. Nc5+ Kd8 63. Kf5 Ke7 64. Kf4 Bc6 65. Ke3 Bd5 66. Kd4 Bg2 67. Nd3 Bh3 68. Nf4 Be6 69. Ke4 {Accuracy: White = 58%, Black = 66%.} 1/2-1/2

[Event "6th Uppsala Young Champions 2019"]
[Site "Uppsala"]
[Date "2019.10.28"]
[Round "5.7"]
[White "Apol, Luitjen Akselsson"]
[Black "Palozza, Christian"]
[Result "1-0"]
[WhiteElo "2129"]
[BlackElo "2187"]
[Annotator "TA"]
[PlyCount "67"]
[EventDate "2019.10.25"]
[EventType "swiss"]
[EventCountry "SWE"]
[SourceTitle "playchess.com"]
[Source "ChessBase"]
[SourceQuality "1"]

{[%evp 31,67,41,47,43,45,49,43,20,20,24,15,0,0,0,0,0,0,0,0,0,166,0,87,81,483,516,561,445,1764,1735,1857,1835,1809,1825,5581,2485,29993,29994]} 1. e4 c6 2. d4 d5 3. Nc3 dxe4 4. Nxe4 Bf5 5. Ng3 Bg6 6. h4 h6 7. Nf3 Nd7 8. h5 Bh7 9. Bd3 Bxd3 10. Qxd3 e6 11. Bd2 Ngf6 12. O-O-O Qc7 13. Qe2 O-O-O 14. Ne5 Nxe5 15. dxe5 Nd5 16. f4 Be7 17. Ne4 {B19: Classical Caro-Kann: 4...Bf5 main line} c5 18. Kb1 (18. c4 Nb6 19. b3 Qc6 20. Nc3 a6 21. Qe4 Qxe4 22. Nxe4 Rd4 23. Rde1 Kc7 24. Bc3 Rd7 {1-0 (80) Pridorozhni,A (2550)-Bryakin,M (2315) Moscow 2016}) 18... c4 19. g4 $146 {White is slightly better.} ({Predecessor:} 19. Nc3 Rd7 20. Nxd5 Rxd5 21. Be3 Rhd8 22. Rxd5 Rxd5 23. Rd1 Rxd1+ 24. Qxd1 Bc5 25. Qg1 {½-½ (25) Drinovec,A-Gliksman,D (2270) Slovenia 1991}) 19... Rd7 20. Nc3 Rhd8 21. a3 Qc6 22. Rhf1 Nxc3+ 23. Bxc3 Rxd1+ 24. Rxd1 Rxd1+ 25. Qxd1 g6 $2 {[#]} (25... Qe4 $11 {and Black stays safe.}) 26. Qg1 $2 (26. g5 $1 $18 {[%cal Rg5h6][%mdl 512]} Bf8 (26... hxg5 27. h6) 27. hxg6 fxg6 28. gxh6 Bxh6 29. Qg4) 26... Bc5 (26... Qf3 $11 {keeps the balance.}) 27. Qh2 $16 {Black must now prevent g5.} Qf3 $2 {[%mdl 8192] [#]} (27... gxh5 $16 {is tougher.} 28. Qxh5 {[%mdl 64] Double Attack} Qd7) 28. g5 $1 $18 Qd1+ 29. Ka2 gxh5 (29... Qxh5 $142 30. Qxh5 gxh5 31. gxh6 Bf8) 30. gxh6 Bf8 31. h7 Bg7 32. Qf2 a6 33. Qc5+ (33. Ba5 $142 Kb8 34. Qg2) 33... Kd7 34. Ba5 {Accuracy: White = 63%, Black = 42%.} 1-0

[Event "6th Uppsala Young Champions 2019"]
[Site "Uppsala"]
[Date "2019.10.28"]
[Round "5.8"]
[White "Rasti, Arvin"]
[Black "Berglind, Axel"]
[Result "0-1"]
[WhiteElo "2179"]
[BlackElo "2062"]
[Annotator "NA"]
[PlyCount "54"]
[EventDate "2019.10.25"]
[EventType "swiss"]
[EventCountry "SWE"]
[SourceTitle "playchess.com"]
[Source "ChessBase"]
[SourceQuality "1"]
[TimeControl "5400+30"]

{[%evp 17,54,19,38,42,33,32,32767,32767,32767,-8,0,0,-7,32767,-28,-84,-57,-99,-100,-103,-97,32767,-24,-32,16,-381,-376,-408,-397,32767,32767,32767,32767,32767,32767,-565,32767,32767,-1080]} 1. Nf3 {[%emt 0:00:00]} c5 {[%emt 0:00:00]} 2. c4 {[%emt 0:00:00]} Nc6 {[%emt 0:00:00]} 3. b3 {[%emt 0:00:02]} Nf6 {[%emt 0:00:05]} 4. Bb2 {[%emt 0:00:08]} g6 {[%emt 0:00:07]} 5. g3 {[%emt 0:00:32]} Bg7 {[%emt 0:00:06]} 6. Bg2 {[%emt 0:00:10]} O-O {[%emt 0:00:07]} 7. Nc3 {[%emt 0:01:15]} a6 {[%emt 0:00:27]} 8. O-O {[%emt 0:02:24]} Rb8 {[%emt 0:00:33]} 9. d4 {[%emt 0:04:10]} cxd4 {[%emt 0:02:02]} 10. Nxd4 {[%emt 0:00:08]} Nxd4 {[%emt 0:00:04]} 11. Qxd4 {[%emt 0:00:10]} d6 {[%emt 0:00:30]} 12. Rfd1 {[%emt 0:04:43] A39: Symmetrical English vs ...g6: 4 Bg2 Bg7 5 Nf3 Nf6 6 0-0 0-0 7 d4} Be6 {[%emt 0:01:00]} 13. Rac1 {[%emt 0:10:56]} Qa5 {[%emt 0:01:22]} 14. Qd2 {[%emt 0:04:09]} Rfc8 {[%emt 0:04:28]} 15. a4 $146 {[%emt 0:18:27]} ({Predecessor:} 15. Na4 Qxd2 16. Rxd2 b5 17. cxb5 Rxc1+ 18. Bxc1 axb5 19. Nc3 {0-1 (60) Altounian,L (2454)-Hess,R (2590) Saint Louis 2010}) 15... Qb4 {[%emt 0:01:44]} 16. Qc2 {[%emt 0:02:21] [#]} (16. Ne4 $11 {keeps the balance.} Qxb3 17. Bxf6 Bxf6 18. Nxf6+ exf6 19. a5) 16... b5 $1 {[%emt 0:01:09]} 17. Na2 {[%emt 0:01:12]} Qc5 {[%emt 0:04:03]} 18. Bd4 {[%emt 0:00:25] [#]} Qa3 $1 {[%emt 0:01:04]} 19. Ba7 {[%emt 0:03:07]} bxa4 {[%emt 0:01:50]} 20. Bxb8 {[%emt 0:00:31]} axb3 {[%emt 0:06:25]} 21. Qd3 $2 {[%emt 0:03:20]} (21. Rd3 $1 $11 bxc2 22. Rxa3) 21... Rxb8 {[%emt 0:01:24]} 22. Nc3 {[%emt 0:00:51]} b2 {[%emt 0:00:25]} 23. Rc2 {[%emt 0:00:09]} Bf5 {[%emt 0:03:36]} 24. Qd2 {[%emt 0:02:12]} Bxc2 {[%emt 0:00:41]} 25. Qxc2 {[%emt 0:00:01]} Nd7 {[%emt 0:01:13]} 26. Nd5 {[%emt 0:00:31]} Qb3 {[%emt 0:01:01]} 27. Qb1 {[%emt 0:00:54] [#]} Qxd1+ $19 {[%emt 0:00:08] Remove Defender, Promotion} 0-1

[Event "6th Uppsala Young Champions 2019"]
[Site "Uppsala"]
[Date "2019.10.28"]
[Round "5.9"]
[White "Trost, Edvin"]
[Black "Wernberg, Hugo"]
[Result "1/2-1/2"]
[WhiteElo "1982"]
[BlackElo "2006"]
[Annotator "NA"]
[PlyCount "67"]
[EventDate "2019.10.25"]
[EventType "swiss"]
[EventCountry "SWE"]
[SourceTitle "playchess.com"]
[Source "ChessBase"]
[SourceQuality "1"]
[TimeControl "5400+30"]

1. e4 {[%emt 0:00:00]} e5 {[%emt 0:01:04]} 2. Bc4 {[%emt 0:03:14]} Nf6 {[%emt 0:00:36]} 3. d3 {[%emt 0:00:28]} c6 {[%emt 0:01:44]} 4. Bb3 {[%emt 0:03:41]} d6 {[%emt 0:04:27]} (4... Be7 5. Nf3 d6 6. Nc3 Nbd7 7. a3 O-O 8. O-O Nc5 9. Ba2 Be6 10. Re1 Bxa2 11. Rxa2 Re8 12. h3 {½-½ (48) Lagarde,M (2591)-Buhmann,R (2589) Berlin 2018}) 5. Nc3 {[%emt 0:01:48]} Be7 {[%emt 0:02:29]} 6. Nge2 {[%emt 0:01:31] C24: Bishop's Opening: 2...Nf6} Be6 {[%emt 0:01:58]} 7. O-O {[%emt 0:02:43]} Nbd7 {[%emt 0:04:50]} 8. Kh1 $146 {[%emt 0:02:29]} ({Predecessor:} 8. Ng3 Nc5 9. f4 Nxb3 10. axb3 exf4 11. Bxf4 O-O 12. Kh1 {½-½ (59) Kalix,W (2052)-Becherer,T Germany 2014}) 8... Nf8 {[%emt 0:03:49]} 9. f4 {[%emt 1:18:36]} exf4 {[%emt 0:00:35]} 10. Nxf4 {[%emt 0:00:00]} Bxb3 {[%emt 0:00:23]} 11. axb3 {[%emt 0:00:00]} Ng6 {[%emt 0:00:40]} 12. d4 {[%emt 0:00:00]} Nxf4 {[%emt 0:05:32]} 13. Bxf4 {[%emt 0:00:00]} O-O {[%emt 0:01:27]} 14. Qe2 {[%emt 0:00:00]} Re8 {[%emt 0:03:18]} 15. Rad1 {[%emt 0:00:00]} d5 {[%emt 0:03:35]} 16. e5 {[%emt 0:00:00]} Bb4 {[%emt 0:01:11]} 17. Bg5 {[%emt 0:00:00] Pin} Bxc3 {[%emt 0:02:45]} (17... Qd7 {might work better.} 18. Bxf6 gxf6 19. Rxf6 Be7) 18. bxc3 {[%emt 0:00:00]} ({Not} 18. Bxf6 gxf6 19. bxc3 Re6 $16) 18... Qd7 {[%emt 0:03:19]} 19. Bxf6 {[%emt 0:00:00]} gxf6 {[%emt 0:00:09]} 20. Rxf6 {[%emt 0:00:00]} Re6 {[%emt 0:03:17]} 21. Rdf1 {[%emt 0:00:00]} (21. Qg4+ $142 Kh8 22. Qf4) 21... Rxf6 {[%emt 0:01:09]} 22. Rxf6 {[%emt 0:00:00]} a5 {[%emt 0:08:25]} 23. h4 {[%emt 0:00:00]} b5 $18 {[%emt 0:05:12]} (23... c5 $142 24. Qh5 Ra6 25. dxc5 Rxf6 26. exf6 Qe6 27. Qg5+ Kf8) 24. e6 {[%emt 0:00:00]} fxe6 {[%emt 0:00:26]} 25. Rxe6 {[%emt 0:00:00]} a4 {[%emt 0:05:52]} 26. bxa4 {[%emt 0:00:00]} bxa4 {[%emt 0:00:18]} 27. Re7 {[%emt 0:00:00]} Qf5 {[%emt 0:02:21]} 28. Re8+ {[%emt 0:00:00]} Rxe8 {[%emt 0:00:25]} 29. Qxe8+ {[%emt 0:00:00]} Kg7 {[%emt 0:01:51]} 30. Qxc6 {[%emt 0:00:00]} Qf1+ {[%emt 0:01:23]} 31. Kh2 {[%emt 0:00:00]} Qf4+ {[%emt 0:00:17]} 32. Kg1 {[%emt 0:00:00]} Qc1+ {[%emt 0:04:00]} 33. Kh2 {[%emt 0:00:00]} Qf4+ {[%emt 0:00:20]} 34. Kg1 {[%emt 0:00:00]} 1/2-1/2